Famous Civil Rights Activists - Statistics

General Stats
  • This quiz has been taken 19 times
  • The average score is 5 of 15
Answer Stats
Hint Answer % Correct
Gave the "I have a dream" speach Martin Luther King Jr.
100%
Didn't give up a bus seat to a white person and stood up for CR Rosa Parks
88%
Born a slave, he made speaches in lots of meetings. Frederick Douglass
59%
Had many jobs in the civil war and freed over 700 people Harriet Tubman
53%
Made over 300 uses with peanuts George Washington Carver
47%
Owns the "more than a vote" Organization and plays basketball Lebron James
41%
Helped lots of African American people in Businesses and education Booker T. Washington
35%
Stood up for CR and eventually became president Nelson Mandela
24%
First black kid to go in a all-white school, and later fought for CR. Ruby Bridges
18%
Started Black History Month, Formally Black story week Carter G. Woodson
12%
Owns 2 newspapers, was a leading journalist, and a CR activist. Ida B. Wells
12%
Stands up for CR through Social Media and Outside. Idris Elba
12%
Supports CR trough Storytelling Morgan Freeman
12%
Uses Fame to stand up for CR and Gender rights Serena Williams
12%
The first African American pilot Elizabeth Coleman
6%
No matching quizzes found
Score Distribution
Percent of People with Each Score
Percentile by Number Answered
Your Score History
You have not taken this quiz